[Event "Seville op 48th"]
[Site "Seville"]
[Date "2023.01.13"]
[Round "1"]
[White "Lozano Garcia, Antonio"]
[Black "Rios, Cristhian Camilo"]
[Result "0-1"]
[WhiteElo "1750"]
[BlackElo "2470"]
[PlyCount "76"]
[EventDate "2023.01.13"]
[EventType "swiss"]
[EventRounds "9"]
[EventCountry "ESP"]
[SourceTitle "CBM 212 Extra"]
[Source "ChessBase"]
[SourceDate "2023.03.31"]
[SourceVersion "1"]
[SourceVersionDate "2023.03.31"]
[SourceQuality "1"]

1. d4 Nf6 2. c4 e6 3. Nf3 d5 4. Nc3 Bb4 5. a3 Bxc3+ 6. bxc3 Ne4 7. Qb3 b6 8. cxd5 Qxd5 9. Qxd5 exd5 10. Bb2 Ba6 11. e3 Bxf1 12. Rxf1 Nc6 13. Nd2 Nxd2 14. Kxd2 Na5 15. Rab1 Kd7 16. Kd3 Rhe8 17. Rfe1 c5 18. dxc5 bxc5 19. a4 Kc6 20. Kc2 Re4 21. Ra1 Rae8 22. Reb1 Rh4 23. h3 Rb8 24. Bc1 Rxb1 25. Kxb1 Nb3 26. Ra3 c4 27. Kc2 g5 28. Bd2 g4 29. hxg4 Rh2 30. Be1 Rxg2 31. Kd1 Rxg4 32. Ke2 Rg1 33. f4 Nc1+ 34. Kf2 Rh1 35. Ra1 Nd3+ 36. Ke2 Rxe1+ 37. Rxe1 Nxe1 38. Kxe1 Kb6 0-1